[Event "Berlin Lichtenberger op 13th"]
[Site "Berlin"]
[Date "2014.08.16"]
[Round "1"]
[White "Pilgrim, Wilfried"]
[Black "Deutschbein, Christopher"]
[Result "0-1"]
[WhiteElo "1459"]
[BlackElo "1984"]
[PlyCount "78"]
[EventDate "2014.08.16"]
[EventType "swiss"]
[EventRounds "9"]
[EventCountry "GER"]
[SourceTitle "CBM 161 Extra"]
[Source "ChessBase"]
[SourceDate "2014.08.29"]
[SourceVersion "1"]
[SourceVersionDate "2014.08.29"]
[SourceQuality "1"]

1. Nf3 Nf6 2. d4 d5 3. Nc3 e6 4. Bf4 Bd6 5. Ne5 Bd7 6. e3 a6 7. Bd3 Nc6 8. a3 Ne7 9. g4 Ng6 10. Nxg6 hxg6 11. Bxd6 cxd6 12. Qf3 Qa5 13. 0-0-0 e5 14. Qg3 Bxg4 15. f3 Rh3 16. Qg2 Rxf3 17. Rhf1 Rxf1 18. Rxf1 e4 19. Rxf6 gxf6 20. Bf1 Bf5 21. Qg3 Ke7 22. Kb1 Rc8 23. b4 Qxa3 24. Nxd5+ Ke6 25. Nf4+ Kd7 26. Nd5 Be6 27. Bh3 Bxh3 28. Nb6+ Kc7 29. Nd5+ Kc6 30. Ne7+ Kc7 31. Qxh3 Qxb4+ 32. Kc1 Qa3+ 33. Kb1 Re8 34. Nd5+ Kb8 35. Nxf6 Rc8 36. Nd5 Qa5 37. Ne7 Qe1+ 38. Kb2 Qc3+ 39. Ka2 Qxc2+ 0-1